Guess The Album By The Cover #5 - Statistics

General Stats
  • This quiz has been taken 64 times
  • The average score is 3 of 7
Answer Stats
Picture Hint Answer % Correct
1980's Thriller
79%
2010's Starboy
77%
1990's 2001
51%
2000's The Fame
40%
2020's An Evening With Silk Sonic
37%
1970's Saturday Night Fever
35%
1960's The Velvet Underground & Nico
28%
No matching quizzes found
Score Distribution
Percent of People with Each Score
Percentile by Number Answered
Your Score History
You have not taken this quiz